00621nam a2200241Ia 4500008004100000020001400041050001000055050001700065100002300082245004100105245002300146260001400169260003000183260000900213300001500222300001700237300001100254440003400265650001800299650001200317650002500329650002500354170203s9999 xx 000 0 und d a431057869 a787.7 b.Sp756g 2007 aSpilsbury, Richard aShould I learn to play the guitar? / cRichard Spilsbury. aOxford :  bHarcourt Educational Ltd. c2007 a32 pages : bcol. ill. ;  c25 cm. aLearning musical instruments. aGuitar music. aGuitar. xJuvenile literature. xJuvenile literature.